000 00306nam a22001217a 4500
082 _a425
_bJOH/E
100 _aJOHN, THOMAS
245 _aENGLISH GRAMMAR &COMPOSITION CAPSULE
260 _aTRIVANDRUM
_bNEW JYOTHI PUBLICATIONS
300 _a384
650 _aENGLISH GRAMMAR& COMPOSITION
_zKERALA
942 _cBK
999 _c4063
_d4063